000 00298nam a22001337a 4500
008 181218b xxu||||| |||| 00| 0 eng d
020 _a9780195125863
041 _aeng
080 _a316
100 _a50
101 _aSOC
245 _aThe Gendered Society Reader
_cKimmel.M.S
942 _2udc
_cBK
999 _c53352
_d53352